Music Celebrities' Real Names - Statistics

General Stats
  • This quiz has been taken 540 times
  • The average score is 12 of 33
Answer Stats
Hint Answer % Correct
Marshall Mathers II Eminem
80%
Destiny Hope Cyrus Miley Cyrus
80%
Stefani Germanotta Lady Gaga
63%
Katy Hudson Katy Perry
62%
Sean Combs Diddy
61%
Reginald Dwight Elton John
53%
Yusuf Islam Cat Stevens
51%
Robert Zimmerman Bob Dylan
50%
Shawn Carter Jay-Z
50%
Stacy Ann Ferguson Fergie
48%
Faroukh Bulsara Freddie Mercury
47%
John Francis Bongiovi Lr. Jon Bon Jovi
45%
Richard Starkey Jr. Ringo Starr
45%
Cherilyn Sarkisian Cher
44%
Wladziu Valentino Liberace Liberace
41%
Alecia Moore Pink
40%
David Jones David Bowie
38%
Anna Mae Bullock Tina Turner
34%
Vincent Furnier Alice Cooper
29%
William Rose Jr Axl Rose
28%
Robert Van Winkle Vanilla Ice
27%
Declan McManus Elvis Costello
23%
Park Jae-sang Psy
23%
Marvin Lee Aday Meatloaf
21%
Charles Holley Buddy Holly
18%
Chiam Witz Gene Simmons
18%
Ella Yelich-O'Connor Lorde
14%
Ricardo Valenzuela Richie Valens
14%
Richard Penniman Little Richard
10%
Monique Jackson Mo'Nique
8%
Francis Castelluccio Frankie Valli
7%
Cornell Haynes Jr. Nelly
7%
Maria Nuez Mariah Carey
4%
No matching quizzes found
Score Distribution
Percent of People with Each Score
Percentile by Number Answered
Your Score History
You have not taken this quiz